Disciplina escolar

Сохранить в:
Библиографические подробности
Главный автор: Hernández Ruiz, Santiago (Автор)
Формат:
Язык:испанский
Опубликовано: Ciudad de México Luis Fernández G 1958
Редактирование:2a. ed
Серии:Ensayos pedagógicos, 8
Предметы:
Метки: Добавить метку
Нет меток, Требуется 1-ая метка записи!

MARC

LEADER 00000nam a2200000 a 4500
001 UCY8569
003 CL-VaPUC
008 950703e19580000MX |||||||||||||||||spa|d
082 0 4 |a 371.5  |b HER  |2 21 
100 |a Hernández Ruiz, Santiago  |e author  |9 576883 
245 1 0 |a Disciplina escolar 
250 |a 2a. ed 
300 |a 140 p 
942 |c BK 
945 |d 19950703 00:00:00  |a cmena 
260 |a Ciudad de México  |b Luis Fernández G  |c 1958 
650 0 |a Autoridad del docente  |9 338924 
650 0 |a Ética  |9 255099 
650 7 |a PSICOSOCIOLOGIA EDUCACIONAL  |2 CL-VaPUC  |9 338387 
650 7 |a MEDIO EDUCACIONAL  |2 CL-VaPUC  |9 309106 
650 0 |a Rol del docente  |9 329733 
650 7 |a CASTIGOS ESCOLARES  |2 CL-VaPUC  |9 339741 
583 |a last modification  |c 19950703 00:00:00  |k Rodrigo Vera 
490 0 |a Ensayos pedagógicos, 8 
999 |c 235802  |d 235800 
952 |0 0  |1 0  |4 0  |6 371_500000000000000_HER_1958  |7 0  |8 P  |9 243451  |a BIBEDU  |b BIBEDU  |c BIBEDU_PB  |d 2019-11-18  |i 1524984  |o 371.5 HER 1958  |p 1524984  |r 2024-01-25  |w 2019-11-18  |y BK  |k EDU